The moral child : nurturing children's natural moral growth
Saved in:
| Main Author: | |
|---|---|
| Format: | Book |
| Language: | English |
| Published: |
New York :
The Free Press,
1988
|
| Subjects: | |
| Tags: |
Add Tag
No Tags, Be the first to tag this record!
|
MARC
| LEADER | 00000nam a2200000 i 4500 | ||
|---|---|---|---|
| 001 | 1/79045 | ||
| 008 | 990504s1988 eng d | ||
| 020 | |a 0-02-906933-5 | ||
| 035 | |l 10050290 | ||
| 040 | |a GR-MY-UA |b gre |e aacr | ||
| 041 | 0 | |a eng | |
| 082 | 0 | |a 155.418 | |
| 100 | 1 | |a Damon, William |d 1944- | |
| 245 | 1 | 4 | |a The moral child : |b nurturing children's natural moral growth / |c William Damon |
| 260 | |a New York : |b The Free Press, |c 1988 | ||
| 300 | |a 166 p. | ||
| 650 | 0 | 0 | |a Moral development. |
| 650 | 0 | 0 | |a Moral education. |
| 650 | 0 | 0 | |a Child rearing. |
| 852 | |a INST |b RHODES |e 19990504 |h 155.418 DAM |p 005400011732 |q 005400011732 |t BK |y 0 | ||
| 901 | |a BIBL-1999-1 | ||
| 909 | |a Ρ |b 064713 |c 1999 | ||
| 922 | |a 4ΕΛΗ |b 199903 | ||